World Historical Figures... and Brazilian Footballers - Statistics

General Stats
  • This quiz has been taken 60 times
  • The average score is 15 of 25
Answer Stats
Pos. Historical Figure Clue Brazilian Footballer % Correct
GK Roman dictator for life Julio Cesar
84%
FW The first US president Washington
84%
RB One-fourth of The Beatles, writer and singer of "Imagine" John Lennon
78%
FW King of pop Adriano Michael Jackson
76%
CM King of Rock & Roll Elvis
75%
RB Creator of Star Wars George Lucas Coser
75%
LW US president who was assassinated in 1963 Kenedy
75%
DM/CM First Roman emperor, formerly named Octavian Augusto
73%
CM/CB Leader of Indian independence from Britain Mahatma Gandhi
73%
RM/CM Greek philosopher who died for corrupting the youth of Athens Socrates
73%
AM US president during the American Civil War Lincoln
71%
DM Austrian classical composer who died at 35 Mozart
71%
GK US president during WWII who was elected to 4 straight terms Franklin
67%
FW US president implicated in the Watergate scandal Nixon
67%
CB Italian poet who wrote the Divine Comedy Dante
63%
ST French footballer who won Ballon d'Or 3 times in the '80s Michel Platini
63%
GK US president, author of the Declaration of Independence Jefferson
57%
FW Hollywood actor who played Vito Corleone in "The Godfather" Marlon Brandão
57%
AM/CM German Iron Chancellor Bismarck
53%
FW King of Sparta who led the 300 against the Persians in Thermopylae Leônidas
51%
LB British duke who defeated Napoleon at Waterloo Wellington
47%
LB Roman who allied with queen Cleopatra against Octavian Marco Antônio
41%
CB/DM Roman stoic Emperor who wrote "Meditations" Marco Aurelio
37%
AM/DM Famous Roman attorney and orator Cicero
24%
CB British prime minister who served 4 terms in the 19th century Gladstone
14%
No matching quizzes found
Score Distribution
Percent of People with Each Score
Percentile by Number Answered
Your Score History
You have not taken this quiz